Zrelí na lásku (Record no. 22100)
[ view plain ]
| 000 -LEADER | |
|---|---|
| fixed length control field | 01141nam a2200337 a 4500 |
| 001 - CONTROL NUMBER | |
| control field | 22100 |
| 003 - CONTROL NUMBER IDENTIFIER | |
| control field | VRT |
| 005 - DATE AND TIME OF LATEST TRANSACTION | |
| control field | 20260320093927.0 |
| 008 - FIXED-LENGTH DATA ELEMENTS--GENERAL INFORMATION | |
| fixed length control field | 160314s1999 m yxo ra 0 slo |
| 015 ## - NATIONAL BIBLIOGRAPHY NUMBER | |
| National bibliography number | SNBA1999/12-04638 |
| 020 ## - INTERNATIONAL STANDARD BOOK NUMBER | |
| International Standard Book Number | 8071187526 |
| 035 ## - SYSTEM CONTROL NUMBER | |
| System control number | SNK000327642 |
| 039 #9 - LEVEL OF BIBLIOGRAPHIC CONTROL AND CODING DETAIL [OBSOLETE] | |
| Level of rules in bibliographic description | 202112031915 |
| Level of effort used to assign nonsubject heading access points | AUTHORITY |
| Level of effort used to assign subject headings | 202112031903 |
| Level of effort used to assign classification | AUTHORITY |
| Level of effort used to assign subject headings | 202112031841 |
| Level of effort used to assign classification | AUTHORITY |
| Level of effort used to assign subject headings | 202001291355 |
| Level of effort used to assign classification | csnk20 |
| 040 ## - CATALOGING SOURCE | |
| Original cataloging agency | SNK |
| Language of cataloging | slo |
| Transcribing agency | SNK |
| Description conventions | AACR2 |
| 044 ## - COUNTRY OF PUBLISHING/PRODUCING ENTITY CODE | |
| MARC country code | SK |
| 080 ## - UNIVERSAL DECIMAL CLASSIFICATION NUMBER | |
| Universal Decimal Classification number | 820 (73)-3 |
| Edition identifier | 1. stred. slo |
| 100 1# - MAIN ENTRY--PERSONAL NAME | |
| Personal name | Delinsky, Barbara, |
| Dates associated with a name | 1945- |
| 240 10 - UNIFORM TITLE | |
| Uniform title | The carpenter's lady |
| Language of a work | Slovensky |
| 245 1# - TITLE STATEMENT | |
| Title | Zrelí na lásku |
| Statement of responsibility, etc. | Barbara Delinská ; [z anglického originálu preložila Katarína Chlapíková] |
| 260 ## - PUBLICATION, DISTRIBUTION, ETC. | |
| Place of publication, distribution, etc. | Bratislava |
| Name of publisher, distributor, etc. | Ikar |
| Date of publication, distribution, etc. | 1999 |
| 300 ## - PHYSICAL DESCRIPTION | |
| Extent | 213 s. |
| Dimensions | 21 cm |
| 500 ## - GENERAL NOTE | |
| General note | Údaj o prekl. prevzatý z rubu tit. strany |
| 650 07 - SUBJECT ADDED ENTRY--TOPICAL TERM | |
| Topical term or geographic name entry element | americké romány |
| Source of heading or term | SNKPH |
| 650 07 - SUBJECT ADDED ENTRY--TOPICAL TERM | |
| Topical term or geographic name entry element | ľúbostné romány |
| Source of heading or term | SNK |
| 700 1# - ADDED ENTRY--PERSONAL NAME | |
| Personal name | Chlapíková, Katarína |
| Relationship | prk |
| 730 ## - ADDED ENTRY--UNIFORM TITLE | |
| Uniform title | The carpenter's lady |
| 765 0# - ORIGINAL LANGUAGE ENTRY | |
| Title | The carpenter's lady |
| Main entry heading | Delinsky, Barbara |
| 942 ## - ADDED ENTRY ELEMENTS (KOHA) | |
| Source of classification or shelving scheme | Dewey Decimal Classification |
| Koha item type | Krásna literatúra pre dospelých |
| Suppress in OPAC | No |
| Stav vyradenia | Strata | Poškodenie | Spôsob nadobudnutia | Domovská knižnica | Aktuálna knižnica | Dátum nadobudnutia | Total checkouts | Čiarový kód exemplára | Date last seen | Typ exemplára |
|---|---|---|---|---|---|---|---|---|---|---|
| Dar | Obecná knižnica Horná Štubňa | Obecná knižnica Horná Štubňa | 20.03.2026 | 9788071187523 | 20.03.2026 | Krásna literatúra pre dospelých |
